00540 2200193 4500001002100000005001500021035002000036245007400056100002000130250000600150300003500156260003500191082001100226084001700237020002200254650003600276990001700312990001700329INLIS00000000000034020181005050353 a0010-10180000301 aPencari Kebenaran Sejati :bKisah Salman Al-Farisi /cTim Gunung Jati0 aTim Gunung Jati a- aiv, 52 hlm. :bilus. ;c25 cm. aCirebon :bGunung Djati,c2008 a297.63 a297.63 TIM p a978-979-1979-87-0 aKisah Sahabat Nabi Muhammad SAW a01380/P/2018 a01381/P/2018